[Event "ROM-ch U10"]
[Site "Calimanesti Caciulata"]
[Date "2019.04.20"]
[Round "7"]
[White "Frent, Andrei Stefan"]
[Black "Neagu, Robert Mihai"]
[Result "1-0"]
[WhiteElo "1070"]
[BlackElo "1001"]
[PlyCount "59"]
[EventDate "2019.04.15"]
[EventType "swiss"]
[EventRounds "9"]
[EventCountry "ROU"]
[SourceTitle "CBM 190 Extra"]
[Source "ChessBase"]
[SourceDate "2019.07.15"]
[SourceVersion "1"]
[SourceVersionDate "2019.07.15"]
[SourceQuality "1"]

1. e4 c5 2. Nc3 a6 3. f4 b5 4. Nf3 Bb7 5. d3 Nf6 6. e5 Nd5 7. Nxd5 Bxd5 8. Be3 e6 9. Qe2 Nc6 10. c4 Bxf3 11. Qxf3 Be7 12. Be2 0-0 13. 0-0 Re8 14. Rad1 d5 15. d4 cxd4 16. cxd5 dxe3 17. dxc6 Qc7 18. Rd7 Qb6 19. f5 exf5 20. Qxf5 f6 21. Qe6+ Kf8 22. Rf3 Rac8 23. Rxe7 Rxe7 24. Qxc8+ Re8 25. Qh3 Rxe5 26. Qxh7 Rd5 27. h3 Rd2 28. Rg3 Rd1+ 29. Kh2 Qc7 30. Bxd1 1-0

[Event "ROM-ch U10"]
[Site "Calimanesti Caciulata"]
[Date "2019.04.17"]
[Round "4"]
[White "Neagu, Robert Mihai"]
[Black "Axente, Ioan Lucian"]
[Result "0-1"]
[WhiteElo "1001"]
[BlackElo "1032"]
[PlyCount "120"]
[EventDate "2019.04.15"]
[EventType "swiss"]
[EventRounds "9"]
[EventCountry "ROU"]
[SourceTitle "CBM 190 Extra"]
[Source "ChessBase"]
[SourceDate "2019.07.15"]
[SourceVersion "1"]
[SourceVersionDate "2019.07.15"]
[SourceQuality "1"]

1. e4 c5 2. Nf3 e6 3. d4 Nc6 4. Bd3 cxd4 5. Bb5 Qa5+ 6. Nbd2 Qxb5 7. Nb3 Qb6 8. Nfxd4 Nxd4 9. Nxd4 Bc5 10. Be3 e5 11. Nf5 Bxe3 12. Nxe3 Nf6 13. Nd5 Qa5+ 14. c3 Nxe4 15. 0-0 0-0 16. Re1 f5 17. Qb3 Kh8 18. f3 Nd2 19. Qb4 Qxd5 20. Qxf8+ Qg8 21. Qxg8+ Kxg8 22. Rxe5 d6 23. Re2 Nc4 24. Rae1 Bd7 25. Re7 Bc6 26. b3 Nb6 27. c4 d5 28. Rc7 Rd8 29. cxd5 Nxd5 30. Rxc6 bxc6 31. Rd1 Re8 32. Kf2 f4 33. g3 Nc3 34. Rd2 Nb1 35. Rc2 fxg3+ 36. Kxg3 Na3 37. Rxc6 Re2 38. Ra6 Nb5 39. a4 Nd4 40. Rxa7 Re3 41. b4 Rxf3+ 42. Kg2 Nc6 43. Rb7 Ra3 44. a5 Ra2+ 45. Kf3 Ra3+ 46. Ke4 Ra4 47. a6 Nxb4 48. Rb8+ Kf7 49. Ra8 h6 50. Ke5 Rxa6 51. Rxa6 Nxa6 52. Kf4 Kg6 53. Kg4 Nc5 54. h4 Ne6 55. Kf3 Kf5 56. Kg3 g5 57. hxg5 hxg5 58. Kh3 Kf4 59. Kg2 g4 60. Kf2 g3+ 0-1